000 00764cam a2200277 i 4500
001 41404
003 Mx-PuUPA
005 20241209121854.0
008 140415s1997 mx gr 000 0 spa d
020 _a8489715408
040 _aMx-PuUPA
_bspa
_cMx-PuUPA
_dMx-PuUPA
_erda
041 _aspa
100 1 _a
245 1 0 _aEl arte de amar /
_b
_cOvidio
264 1 _aMadrid :
_bEditorial ALBA,
_c©1999
300 _a96 páginas ;
_c18 cm
336 _2rdacontent
_atexto
_btxt
337 _2rdamedia
_asin medio
_bn
338 _2rdacarrier
_avolumen
_bnc
502 _a
650 7 _a
_2armarc
_913986
942 _2ddc
_cLI
_hxx
_ixx
_n
999 _c41404
_d41404